000 00661nam a2200241Ia 4500
003 OSt
005 20221007082336.0
006 a|||||r|||| 00| 0
007 ta
008 221006b |||||||| |||| 00| 0 eng d
024 _a16,220
037 _cReports / Technical Reports
040 _aFLL
_cFLL
_beng
041 _2eng
_aeng
082 _aX8(J):322.2.N6t, K9
110 _aGovt. Of India
245 0 _aReport on evaluation of consolidation of holdings programme
260 _c1969
300 _a187p
_ccm.
700 _aGovt. Of India
942 _hX8(J):322.2.N6t, K9
_cREP
_2CC
999 _c1166122
_d1166122